Deutsche bürgerschule / (Record no. 158499)

MARC details
000 -LEADER
campo de control de longitud fija 00991nam a22002415i 4500
001 - NÚMERO DE CONTROL
campo de control 158499
003 - IDENTIFICADOR DE NÚMERO DE CONTROL
campo de control ES-MaACL
005 - FECHA Y HORA DE LA ÚLTIMA TRANSACCIÓN
campo de control 20250828004910.0
008 - DATOS DE LONGITUD FIJA--INFORMACIÓN GENERAL
campo de control de longitud fija 040827s1888 gw |||| | ger d
040 ## - FUENTE DE CATALOGACIÓN
Centro catalogador/agencia de origen CAM
Lengua de catalogación spa
Centro/agencia transcriptor CAM
100 1# - ENTRADA PRINCIPAL--NOMBRE DE PERSONA
Nombre de persona Mager, K.W.
9 (RLIN) 129344
245 10 - MENCIÓN DEL TÍTULO
Título Deutsche bürgerschule /
Mención de responsabilidad, etc. K.W. Magers. Mit Magers biographie herausgegeben von K. Eberhardt.
260 ## - PUBLICACIÓN, DISTRIBUCIÓN, ETC.
Lugar de publicación, distribución, etc. Langensalza :
Nombre del editor, distribuidor, etc. druck und verlag von Hermann Beyer & Söhne,
Fecha de publicación, distribución, etc. 1888.
300 ## - DESCRIPCIÓN FÍSICA
Extensión LII, 164 p. ;
Dimensiones 21 cm.
490 1# - MENCIÓN DE SERIE
Mención de serie Bibliothek pädagogischer klassiker / herausgegeben von Friedrich Mann
650 07 - PUNTO DE ACCESO ADICIONAL DE MATERIA--TÉRMINO DE MATERIA
Término de materia o nombre geográfico como elemento de entrada Pedagogía
Fuente del encabezamiento o término embne
9 (RLIN) 15904
650 04 - PUNTO DE ACCESO ADICIONAL DE MATERIA--TÉRMINO DE MATERIA
Término de materia o nombre geográfico como elemento de entrada Escuela pública-
Subdivisión geográfica Alemania.
9 (RLIN) 136042
700 11 - ENTRADA AGREGADA--NOMBRE PERSONAL
Nombre de persona Eberhardt, K.,
Término indicativo de función/relación
9 (RLIN) 126912
752 ## - ENTRADA AGREGADA--NOMBRE JERÁRQUICO DEL LUGAR
País o entidad superior Alemania -
Jurisdicción política intermedia Langensalza
830 0# - PUNTO DE ACCESO ADICIONAL DE SERIE-TÍTULO UNIFORME
Título uniforme Bibliothek pädagogischer klassiker / herausgegeben von Friedrich Mann
9 (RLIN) 188307
852 ## - LOCALIZACIÓN
Ubicación ES-MaACL
Número de control de estantería G-15181
Nota libre -- Enc. hol., conservando la cub. original
-- -- Enc. en un vol. facticio
Holdings
Estatus retirado Estado de pérdida Estado de daño No para préstamo Colección Biblioteca de origen Biblioteca actual Ubicación en estantería Fecha de adquisición Fuente de adquisición Total de préstamos Signatura topográfica completa Código de barras Visto por última vez Precio de reemplazo Tipo de ítem Koha
        Libros del s. XIX Biblioteca del Ateneo de Madrid Biblioteca del Ateneo de Madrid Sala Pecera Planta 3 17/01/2008     G-15181 1165896 23/02/2023 23/02/2023 Libro impreso antiguo